000 00663nam a2200253 i 4500
001 C2-0225738
003 PPAK
005 20180728153826.0
008 000608s1998 nyu |||| ||||| | eng d
020 _a0061097632
040 _aPPAK
_beng
_cPPAK
_erda
082 0 4 _a823
_223
090 0 0 _a823
_bMAR
_dG
700 1 _aBaldwin, John,
_eauthor
100 1 _aMarr, John S. ,
_eauthor
245 1 4 _aThe eleventh plague
264 1 _aNew York :
_bHarper Paperbacks ,
_c1998
300 _a516 pages ;
_c17 cm
336 _2rdacontent
_atext
337 _2rdamedia
_aunmediated
338 _2rdacarrier
_avolume
650 1 0 _aEnglish fiction
942 _ddc
_cB
999 _c146337
_d146337